000 00576nam a2200193Ia 4500
005 20250923145128.0
008 008 250917s9999 xx 000 0 eng d
037 _aTextual
040 _aDSWL
_beng
_cDSWL
041 _aeng
_2eng
084 _aY:45:(256,751), N70
_qDSWL
245 4 _aThe Spent Awaiting Trial
_cby Her Majestys Stationary Office
260 _aLondon
_bHer Majestys Stationary Office
_c1960
300 _axi,76 p.
365 _aINR
_b4 .6
925 _g4 .6
942 _cTEXL
_hY:45:(256,751), N70
999 _c1447506
_d1447506